000
00193 a2200109 4500
020
_a
84-7546-969-8
041
_a
spa
100
_a
Disney
245
_a
La Sirenita
942
_c
BK
952
_7
4
999
_c
24861
_d
24861